Costos para la toma de decisiones. Una mirada desde la docencia a la pequeña y mediana empresa.

Salvato in:
Dettagli Bibliografici
Autore principale: Alvear Vega, Sandra (autora)
Natura: Sconosciuto
Pubblicazione: Santiago, Chile: Thomson Reuters, 2022.
Edizione:1ª edición.
Serie:Monografías
Soggetti:
Tags: Aggiungi Tag
Nessun Tag, puoi essere il primo ad aggiungerne!!

MARC

LEADER 00000 a2200000 4500
003 CL-VaPUC
005 20240624100846.0
008 230313t2022 ||||| |||| 00| 0 eng d
999 |c 440062  |d 440060 
020 |a 978-956-400-301-6 
040 |c Pontificia Universidad Católica de Valparaíso 
082 |2 22  |a 658.1553 ALV 2022 
100 |a Alvear Vega, Sandra  |9 554761  |e autora 
245 1 |a Costos para la toma de decisiones.   |b Una mirada desde la docencia a la pequeña y mediana empresa. 
250 |a 1ª edición.  
260 |a Santiago, Chile:  |b Thomson Reuters,  |c 2022. 
300 |a 160 páginas.  
440 |a Monografías  |9 856527 
583 |k GC  |c 20230313 
650 0 |a Costos   |v Casos de estudio  |x Administración y gestión   |x Enseñanza y aprendizaje   |9 261063 
650 0 |a Costes de producción   |x Aspectos financieros y de gestión   |x Toma de decisiones  |x Actividades económicas   |9 263894 
942 |2 ddc  |c BK 
952 |0 0  |1 0  |2 ddc  |4 0  |6 658_155300000000000_ALV_2022  |7 0  |8 A  |9 588944  |a BIBDER  |b BIBDER  |d 2023-03-10  |e 31  |g 0.00  |i 5656589  |o 658.1553 ALV 2022  |p 5656589  |r 2023-03-10  |t 1  |v 0.00  |w 2023-03-10  |y BK  |k DER